000 01474 a2200265 4500
001 41197
005 20260407155706.0
008 260407a2001 arg spa d
003 AR-UNSa-BCEJYS
040 _aAR-UNSa-BCEJYS
_bspa
_cAR-UNSa-BCEJYS
080 _a347.7
_xDerecho Mercantil. Derecho Comercial
245 1 0 _aOrientaciones en el derecho comercial ; El régimen penal en el derecho comercial
020 _a950-894-300-9
264 1 _aBuenos Aires :
_bAD-HOC
_c2001
300 _a143 p.
_c23 cm.
505 _aLibro Orientaciones en el derecho comercial: 1. Régimen societario argentino. Peculiaridades. Regímenes especiales - 2. La evolución del derecho en el espacio y el tiempo - 3. El concepto de sociedad en el derecho argentino - 4. Los procedimientos concursales en Italia en el umbral del 2000 -- Libro El régimen penal en el derecho comercial: 1. Responsabilidad penal de las personas jurñidicas - 2. Derecho comercial, derecho comunitario y derecho penal - 3. El derecho penal societario - 4. Los aspectos represivos en el derecho de la insolvencia - 5. Los delitos informáticos y su impacto en el nuevo derecho comercial
041 _aspa
942 _cBK
590 _aniveau_biblio:m niveau_hierar:0
100 1 _aGalgano, Francesco
700 1 _aBonsignori, Angelo
700 1 _aFargosi, Horacio P.
700 1 _aOtaegui, Julio C.
856 4 1 _uhttps://biblioeco.unsa.edu.ar/pmb/images/libros/L126431.jpg
_yImagen de portada
_qimage/jpeg
999 _c3416
_d3416